000 00297nam a22001217a 4500
082 _a894.812
_bRAY/F
100 _aK.CHANDRAMOHAN
245 _aFOLKLORINTE VARTHAMANAM
260 _aTHRICHUR
_bPOLIKA FOLKLORE TRUST
_c2010
300 _a152
650 _aESSAYS ON FOLKLORE STUDY
_zKERALA
942 _cBK
999 _c1066
_d1066